| 000 | 01448nam a22003375a 4500 | ||
|---|---|---|---|
| 001 | 12345504 | ||
| 005 | 20170115134410.0 | ||
| 008 | 010313t2007 gw a frb 001 0 eng d | ||
| 020 | _a3131443715 | ||
| 020 | _a9783131443717 | ||
| 040 |
_aEG-ScBUE _beng _cEG-ScBUE _dEG-ScBUE |
||
| 082 | 0 | 4 |
_a611.31 _bORA _222 |
| 245 | 0 | 0 |
_aOral development and histology / _c[editor], James K. Avery, Pauline F. Steele ; associate editor, Nancy Avery. |
| 250 | _a3rd ed., International ed. | ||
| 260 |
_aStuttgart ; _aNew York : _bThieme, _cc.2002. |
||
| 300 |
_aix, 435 p. : _bill. (col.) ; _c28 cm. |
||
| 500 | _aIndex : p. 427-435. | ||
| 500 | _aGlossary : p. 410-426. | ||
| 504 | _aIncludes bibliographical references. | ||
| 520 | _aThis is a student-oriented textbook with side-by-side text and illustrations that provide easy correlation of visual and written information. It features over 800 atlas-style illustrations, including diagrams and light and electron micrographs and a glossary of terminology. | ||
| 541 | _aDonation from Al-Dar Al-Arabia lil-Nashr wa-al-Tawzīʻ. | ||
| 650 | 0 |
_aMouth _xAnatomy. _2BUEsh |
|
| 650 | 0 |
_aTeeth _xAnatomy. _2BUEsh |
|
| 650 | 0 |
_930165 _aMouth _xHistology _2BUEsh |
|
| 651 | _2BUEsh | ||
| 653 |
_bDDent _cJanuary2013 _cMarch2016 _cJanuary2017 |
||
| 700 | 1 |
_aAvery, James K., _eeditor. _932115 |
|
| 700 | 1 |
_aSteele, Pauline F., _eeditor. _932116 |
|
| 700 | 1 |
_aAvery, Nancy., _eeditor. _932117 |
|
| 942 |
_2ddc _cDN |
||
| 999 |
_c17167 _d17139 |
||